Crónica de los Reyes Católicos (Record no. 122845)
[ view plain ]
| 000 -LEADER | |
|---|---|
| campo de control de longitud fija | 00621nam a2200169 4500 |
| 001 - NÚMERO DE CONTROL | |
| campo de control | 122845 |
| 003 - IDENTIFICADOR DE NÚMERO DE CONTROL | |
| campo de control | ES-MaACL |
| 005 - FECHA Y HORA DE LA ÚLTIMA TRANSACCIÓN | |
| campo de control | 20230906192042.0 |
| 007 - CAMPO FIJO DE DESCRIPCIÓN FÍSICA--INFORMACIÓN GENERAL | |
| campo de control de longitud fija | t| |
| 008 - DATOS DE LONGITUD FIJA--INFORMACIÓN GENERAL | |
| campo de control de longitud fija | 070214s1943 sp r ||||0| spa d |
| 100 1# - ENTRADA PRINCIPAL--NOMBRE DE PERSONA | |
| Nombre de persona | Pulgar, Fernando del ( |
| Fechas asociadas al nombre | ca. 1430-ca. 1493) |
| 9 (RLIN) | 94365 |
| 245 10 - MENCIÓN DEL TÍTULO | |
| Título | Crónica de los Reyes Católicos |
| Resto del título | : versión inédita / |
| Mención de responsabilidad, etc. | por su secretario Fernando del Pulgar ; edición y estudio por Juan de Mata Carriazo. |
| 260 ## - PUBLICACIÓN, DISTRIBUCIÓN, ETC. | |
| Lugar de publicación, distribución, etc. | Madrid : |
| Nombre del editor, distribuidor, etc. | Espasa Calpe, |
| Fecha de publicación, distribución, etc. | 1943. |
| 300 ## - DESCRIPCIÓN FÍSICA | |
| Extensión | 2 v., 8 lám + |
| Material acompañante/anejo | 1 map., 4 fasc. |
| 700 1# - ENTRADA AGREGADA--NOMBRE PERSONAL | |
| Nombre de persona | Carriazo y Arroquia, Juan de Mata. |
| 9 (RLIN) | 35736 |
| 852 ## - LOCALIZACIÓN | |
| Ubicación | ES-MaACL |
| Número de control de estantería | B-807-8 |
| Sublocalización o colección | R.23832 |
| Estatus retirado | Estado de pérdida | Estado de daño | No para préstamo | Biblioteca de origen | Biblioteca actual | Ubicación en estantería | Fecha de adquisición | Fuente de adquisición | Total de préstamos | Signatura topográfica completa | Código de barras | Visto por última vez | Precio de reemplazo | Tipo de ítem Koha |
|---|---|---|---|---|---|---|---|---|---|---|---|---|---|---|
| Biblioteca del Ateneo de Madrid | Biblioteca del Ateneo de Madrid | Sala Pardo Bazán | 17/01/2008 | B-807-8 | 1128002 | 23/02/2023 | 23/02/2023 | Libro impreso |
